000 00617nam a2200169 4500
008 160715b xxu||||| |||| 00| 0 eng d
020 _a978-0-674-02444-1
082 _22007
_aDC 576.82
_bG73p
100 _911356
_aGould, Stephen Jay
245 _aPunctuated equilibrium/
_cStephen Jay Gould.
260 _aCambridge, Mass.:
_bBelknap Press of Harvard University Press,
_cc2007.
300 _aviii, 396 pages:
_billustrations;
_c23 cm.
500 _aIncludes bibliographical references and index.
650 0 _911357
_aPunctuated equilibrium (Evolution)
650 0 _911358
_aEvolution (Biology)
942 _2ddc
_cDC
999 _c3405
_d3405